Vplyv vývoja cien nehnuteľností na úverovanie na slovenskom trhu bakalárska práca

Salvato in:
Dettagli Bibliografici
Autore principale: Bosáčiková, Lenka, 1999-
Ente Autore: Národohospodárska fakulta EU. Katedra bankovníctva a medzinárodných financií
Altri autori: Vateha, Marko Dávid, 1996-
Natura: Libro
Lingua:slovacco
Pubblicazione: Bratislava 2021
Tags: Aggiungi Tag
Nessun Tag, puoi essere il primo ad aggiungerne!!

MARC

LEADER 00000nbm a2200000 4500
001 0275119
005 20220110113424.6
041 0 |a slo 
044 |a SK 
245 1 0 |a Vplyv vývoja cien nehnuteľností na úverovanie na slovenskom trhu  |b bakalárska práca  |c Lenka Bosáčiková ; školiteľ: Marko Dávid Vateha 
264 1 |a Bratislava  |c 2021 
300 |a 58 s. 
100 1 |a Bosáčiková, Lenka, 1999- 
700 1 |a Vateha, Marko Dávid, 1996- 
710 2 |a Národohospodárska fakulta EU. Katedra bankovníctva a medzinárodných financií